| 000 | 01139cas a2200361 a 4500 | ||
|---|---|---|---|
| 005 | 20240211191953.0 | ||
| 008 | 190424c19799999fr uu p 0 b0eng | ||
| 010 | _a82644891 | ||
| 022 |
_a0182-2373 _l0182-2373 |
||
| 035 | _a(OCoLC)ocm08710894 | ||
| 037 | _bObsidiane, 50, rue des Abbesses, 75018 Paris | ||
| 040 |
_aDLC _beng _cDLC _dNST _dCUS _dOCLCQ _dOCLCO _dOCLCF _dOCLCQ _dOCLCO |
||
| 041 | 0 |
_aeng _afre _ager |
|
| 042 | _apcc | ||
| 050 |
_a860.809805 _bC1324 |
||
| 092 | 0 | 4 |
_a860.809805 _bC1324 _219 |
| 099 |
_a04 _a860.809805 C1324 |
||
| 245 | 0 | 4 | _ales Cahiers Obsidiane. |
| 246 | 1 | 0 | _aObsidiane |
| 260 |
_aParis : _bObsidiane, _c[1979]- |
||
| 300 |
_avolumes : _billustrations ; _c21 cm |
||
| 336 |
_atext _btxt _2rdacontent |
||
| 337 |
_aunmediated _bn _2rdamedia |
||
| 338 |
_avolume _bnc _2rdacarrier |
||
| 362 | 0 | _a[1]- | |
| 546 | _aEnglish, French, and German. | ||
| 650 | 0 |
_aLiterature _vPeriodicals. |
|
| 650 | 7 |
_aLiterature. _2fast _0(OCoLC)fst00999953 |
|
| 655 | 7 |
_aPeriodicals. _2fast _0(OCoLC)fst01411641 |
|
| 905 |
_asozan _eCat. |
||
| 942 |
_2ddc _cBK |
||
| 999 |
_c153954 _d153954 |
||